000 00629nam a22002057a 4500
005 20250904125012.0
010 _aENG-146638
020 _a9789334225211
_c200.00
035 _aEN-130170
037 _bDBAD
082 _a230.2
_21
100 _aNeelakantan, Nurani
_984756
245 _aThe Unknown Power/
_cNurani Neelakantan
250 _a1
260 _aThiruvananthapurm
_bN.K. Neelakantan
_c2025
270 _a28/1255, Swara 93, Chithira Gardens, Sreekanteswaram
_bThiruvananthapurm
_e695023
_mnkn623@gmail.com
300 _a208p.
_c21cm(pbk)
_bIll.
700 _984716
942 _2ddc
_cEN
_h230.2
_mNEE
999 _c213331
_d213331